000 01328nam a22003377a 4500
003 CHAP
005 20220329143705.0
008 110201s2008 mx a r 00010 spa d
010 _a100398
011 _a101370
020 _a978 9708260503
035 _a112058
040 _cCHAP
082 0 4 _a917.252
_bM36
100 1 _aMartínez Cárdenas, Rubén.
_971928
245 1 0 _aEstado de México :
_brumbos y encuentros
_c/por Rubén Martínez Cárdenas y Gustavo Ramírez Faraón
260 _aToluca, Edo. de Méx. :
_bGobierno del Estado de México,
_c2008
300 _a273 p. :
_bilus.
490 _aBiblioteca Mexiquense del Bicentenario.
_pColección Mayor.
_pEstado de México: patrimonio de un pueblo
590 _aBATCH-UPD
_b10
_c20130110
_lUCH01
_h0853
590 _aBATCH-UPD
_b10
_c20130410
_lUCH01
_h0524
590 _aBATCH-UPD
_b10
_c20130914
_lUCH01
_h0412
590 _aCONVERSION
_b10
_c20130109
_lUCH01
_h1355
650 1 4 _aArte popular
_xMéxico (Edo.)
_97701
650 1 4 _aMéxico (Edo.)
_xDescripción y viaje.
_976827
700 1 _aRamírez Faraón, Gustavo.
_993982
830 _aBiblioteca Mexiquense del Bicentenario.
_pColección Mayor.
_pEstado de México: patrimonio de un pueblo
_912425
901 _aBK
942 _cLIBRO
949 _a917.252 M36
_bBC
_cLIBRO
_d33724002233009
_eLIBRO
_h114141
_i112058
_sb
999 _c100398
_d100398